00301nam a22001337a 4500003000400000005001700004008004100021020001500062040000700077100001800084245003100102260002600133300000800159OSt20211005084600.0211005b |||||||| |||| 00| 0 eng d a0029073901 chu alouise ,davis athe quality of workinglife anew werk bhallc1975 a450